[Event "Titled Tue 31st Dec Early"]
[Site "chess.com INT"]
[Date "2024.12.31"]
[Round "9"]
[White "Pranesh, M."]
[Black "Akobian, V."]
[Result "1-0"]
[WhiteElo "2582"]
[BlackElo "2564"]
[PlyCount "137"]
[EventDate "2024.12.31"]

1. Nf3 Nf6 2. b3 d5 3. Bb2 Bg4 4. g3 Bxf3 5. exf3 e6 6. Bg2 c5 7. O-O Nc6 8. d3 g6 9. Nd2 Bg7 10. f4 O-O 11. Re1 Qc7 $146 ({RR} 11... Nd7 12. Qc1 Bxb2 13. Qxb2 Qf6 14. Qxf6 Nxf6 15. Nf3 Rac8 16. c3 b5 17. Ne5 b4 18. Rac1 bxc3 19. Nxc6 Rxc6 20. Rxc3 Ra6 21. Re2 Nd7 22. Rec2 Rb8 23. Bf1 d4 24. Rc4 Ra3 25. Bg2 Rb6 26. Bf3 {Ranaldi,L (2269)-Jepson,C (2421) Helsingor 2017 ½-½ (46)}) ({RR} 11... Rc8 12. Nf3 Nd7 13. Bxg7 Kxg7 14. Qd2 Qf6 15. Rad1 b5 16. h4 b4 17. Bh3 Qc3 18. Qxc3+ bxc3 19. Re2 a5 20. a4 Nb6 21. Rde1 Nb4 22. Ne5 Rc7 23. h5 c4 24. dxc4 dxc4 25. Nxc4 Nxc4 26. bxc4 {Avila Bautista,R (2202)-Makarian,R (2525) chess.com INT 2024 0-1 (36)}) 12. Nf3 Rac8 13. h4 Rfd8 14. Bh3 h5 15. Ng5 Nd4 16. Bxd4 cxd4 17. Bxe6 fxe6 18. Nxe6 Qd7 19. Nxd8 Rxd8 20. Qf3 Ng4 21. Re2 Kf7 22. Rae1 Bf6 23. Qg2 Rc8 24. Qh3 Qf5 25. Qg2 Rc7 26. a4 a5 27. Qf3 b6 28. Qg2 Re7 29. Rxe7+ Bxe7 30. Qf3 Bb4 31. Re2 Bc3 32. Qg2 Bb4 33. Qf1 Qd7 34. Qd1 Bc3 35. Qc1 Qd6 36. Qf1 Qd7 37. Qh3 Qf5 38. Qh1 Bb4 39. Qg2 Bc3 40. Qf1 Qd7 41. Qc1 Bb4 42. Kg2 Bc3 43. Qd1 Bb4 44. Qh1 Bc3 45. Qb1 Bb4 46. Qc1 Bc3 47. b4 axb4 48. Kg1 Qxa4 49. f5 Qa1 50. fxg6+ Kf6 51. Qxa1 Bxa1 52. Kg2 Bc3 53. Re8 b5 54. Rd8 Kxg6 55. Rxd5 Be1 56. Rxd4 Nxf2 57. Rd6+ Kf7 58. Rd5 Ng4 59. Kf3 Nf6 60. Rxb5 Bc3 61. d4 Ke7 62. Rb6 Nd5 63. Rb7+ Ke6 64. Ke4 Nf6+ 65. Kd3 Be1 66. Rb6+ Kf5 67. Rb5+ Ke6 68. Re5+ Kd6 69. Rxe1 1-0

[Event "Titled Tue 31st Dec Early"]
[Site "chess.com INT"]
[Date "2024.12.31"]
[Round "11"]
[White "Aravindh, Chithambaram VR."]
[Black "Nakamura, Hi"]
[Result "1-0"]
[WhiteElo "2718"]
[BlackElo "2802"]
[PlyCount "56"]
[EventDate "2024.12.31"]

1. Nf3 d5 2. e3 c5 3. c4 d4 4. b4 dxe3 5. fxe3 cxb4 6. d4 Nf6 7. Bd3 g6 8. O-O Bg7 9. a3 bxa3 10. Bxa3 O-O 11. Nc3 Nc6 ({RR} 11... a5 12. Rb1 Nc6 13. Qe1 b6 14. Qh4 Nb4 15. Rxb4 axb4 16. Bxb4 Re8 17. Ne5 Bb7 18. Nxf7 Qc8 19. Ne5 Qe6 20. Ne2 Nh5 21. Nf4 Nxf4 22. exf4 Bxe5 23. fxe5 Ra2 24. Rf2 Rxf2 25. Qxf2 Qg4 26. Bc3 {Crump. Alexander J (2049)-Yang,Q (2229) Charlotte USA 2025 ½-½ (179)}) 12. Kh1 ({RR} 12. h3 b6 13. Qe2 Bb7 14. Rac1 Rc8 15. Rfd1 Na5 16. Bb4 Nc6 17. Ba3 Bh6 18. Rc2 Re8 19. c5 e5 20. d5 Nxd5 21. Nxd5 Qxd5 22. Bxg6 Qb3 23. Rd3 Qa4 24. Bxf7+ Kxf7 25. Ng5+ Kg8 26. Qh5 Re7 {Mareco,S (2664)-Nakamura,H (2793) Chess.com INT 2017 1-0}) 12... b6 13. e4 $146 ({RR} 13. Rc1 Bg4 14. h3 Bxf3 15. Qxf3 Rc8 16. Nd5 Qd7 17. g4 Ne8 18. Bc2 Nd6 19. Ba4 Kh8 20. c5 bxc5 21. Rxc5 f5 22. Nf4 Ne4 23. Rxc6 Rxc6 24. d5 Nd2 25. Bxc6 Qc7 26. Ne6 Qa5 27. Qf2 Nxf1 {Wei,Y (2735)-Inarkiev,E (2690) Magas 2018 1-0 (45)}) 13... Bg4 14. e5 Nh5 15. Be4 Rc8 16. Bxc6 Rxc6 17. Nd5 Rxc4 18. Nxe7+ Kh8 19. Qb3 Rc7 20. Ng5 Be6 21. Nxe6 fxe6 22. Qxe6 Nf4 23. Qg4 Qxd4 24. Nxg6+ hxg6 25. Bxf8 Bxe5 26. Rad1 Qc4 27. Bh6 Rf7 28. Qh4 Kg8 1-0

[Event "Titled Tue 31st Dec Late"]
[Site "chess.com INT"]
[Date "2024.12.31"]
[Round "7"]
[White "Naroditsky, D."]
[Black "Deac, Bogdan-Daniel"]
[Result "1-0"]
[WhiteElo "2619"]
[BlackElo "2696"]
[PlyCount "97"]
[EventDate "2024.12.31"]

1. Nf3 d5 2. g3 Nf6 3. Bg2 e6 4. O-O Be7 5. d3 O-O 6. Nbd2 Nc6 7. e4 dxe4 8. Nxe4 Nxe4 9. dxe4 Qxd1 10. Rxd1 e5 11. c3 a5 $146 ({RR} 11... Be6 12. Be3 Rfd8 13. Rxd8+ Rxd8 14. Bf1 f6 15. Nd2 Bc5 16. Bc4 Kf7 17. Bxe6+ Kxe6 18. Nc4 Bxe3 19. Nxe3 Rd2 20. b4 Ne7 21. a4 c6 22. Kf1 f5 23. exf5+ Nxf5 24. Nc4 Rc2 25. Re1 Rxc3 26. Nxe5 {Javornik,N (2212)-Palczert,M (2341) Prague CZE 2024 0-1 (50)}) ({RR} 11... f6 12. Bf1 Be6 13. Be3 Rfd8 14. Nd2 Kf7 15. f3 a6 16. Kf2 Rd7 17. Nb3 Rxd1 18. Rxd1 Rd8 19. Rxd8 Nxd8 20. Ke1 Ke8 21. Kd2 Kd7 22. Kc2 Ke8 23. Nc5 Bc8 24. Bc4 a5 25. b4 b6 26. Nd3 {Vachier Lagrave,M (2758)-Aronian,L (2784) Berlin 2015 1-0 (50)}) ({RR} 11... Be6 12. Be3 Rfd8 13. b4 a6 14. a4 f6 15. Bf1 Kf8 16. Nd2 Ke8 17. f3 Nb8 18. Bc4 Bxc4 19. Nxc4 Rxd1+ 20. Rxd1 Nc6 21. b5 axb5 22. axb5 Nd8 23. Bf2 Ne6 24. Ne3 Bc5 25. Nd5 Bxf2+ 26. Kxf2 {Chu Wei Chao (2419)-Jin,Y (2309) Hohhot CHN 2024 0-1 (54)}) 12. a4 Be6 13. Be3 f6 14. Nd2 Rfd8 15. Bf1 b6 16. Bb5 Na7 17. Bc4 Bf7 18. Kf1 Nc8 19. Bxf7+ Kxf7 20. Nc4 Nd6 21. Nxd6+ Bxd6 22. Rd5 Be7 23. Rad1 Rxd5 24. Rxd5 Ke6 25. Ke2 g6 26. f3 f5 27. f4 Bd6 28. fxe5 Bxe5 29. Kf3 Rf8 30. Rb5 fxe4+ 31. Kxe4 Bd6 32. Bf4 Bxf4 33. gxf4 Rd8 34. Re5+ Kf6 35. Rd5 Re8+ 36. Kf3 Re7 37. b4 axb4 38. cxb4 h5 39. a5 bxa5 40. bxa5 Re1 41. Rc5 Ra1 42. Ke4 Ra4+ 43. Kd5 Rxf4 44. Kc6 Ra4 45. Kb7 g5 46. a6 h4 47. a7 g4 48. Rc6+ Kg5 49. Ra6 1-0

[Event "Titled Tue 31st Dec Late"]
[Site "chess.com INT"]
[Date "2024.12.31"]
[Round "8"]
[White "Naroditsky, D."]
[Black "Tabatabaei, M."]
[Result "1-0"]
[WhiteElo "2619"]
[BlackElo "2695"]
[PlyCount "95"]
[EventDate "2024.12.31"]

1. Nf3 d5 2. g3 g6 3. Bg2 Bg7 4. O-O e5 5. d3 Nc6 6. Nc3 Nf6 ({RR} 6... d4 7. Ne4 Nge7 8. c3 O-O 9. cxd4 exd4 10. Bd2 a5 11. Qc1 b6 12. Bg5 f6 13. Bh6 Be6 14. a3 a4 15. Bxg7 Kxg7 16. Qc2 Bb3 17. Qc1 Na5 18. h4 Bd5 19. Qc2 c5 20. e3 Nb3 21. Rad1 {Karjakin,S (2773)-Nakamura,H (2792) Saint Louis 2017 ½-½ (44)}) 7. Bg5 $146 ({RR} 7. e4 dxe4 8. dxe4 Qxd1 9. Rxd1 Bg4 10. Be3 O-O 11. h3 Be6 12. Nd5 Rfc8 13. Ng5 Bxd5 14. exd5 Ne7 15. d6 Nc6 16. Ne4 Nxe4 17. Bxe4 cxd6 18. Rxd6 Rc7 19. Rad1 Nd4 20. c3 Bf8 21. Rd5 Nc6 {Perrine,D (2268)-Meduri,A (2063) Naperville 2022 1-0 (33)}) ({RR} 7. e4 dxe4 8. Nxe4 Nxe4 9. dxe4 Qxd1 10. Rxd1 Be6 11. Be3 h6 12. c3 O-O 13. Nd2 Rfd8 14. Bf1 a6 15. b4 f5 16. f3 Rd7 17. Nb3 Rxd1 18. Rxd1 b6 19. Rb1 fxe4 20. fxe4 a5 21. b5 Nd8 {Wang Yue (2640)-Meng,Y (2412) Ji'an CHN 2025 ½-½ (45)}) ({RR} 7. e4 dxe4 8. dxe4 Bg4 9. Be3 O-O 10. h3 Qxd1 11. Raxd1 Bxf3 12. Bxf3 Rfd8 13. Nb5 Ne8 14. c3 a6 15. Na3 Rxd1 16. Rxd1 Rd8 17. Rxd8 Nxd8 18. Bd1 Bf8 19. Nc4 f6 20. Bb3 Kg7 21. Kg2 Nc6 {Hallerova,E (2160)-Richtrova,E (2330) Czech Republic 1996 ½-½ (43)}) 7... h6 8. Bxf6 Bxf6 9. e4 dxe4 10. dxe4 O-O 11. Qxd8 Bxd8 12. Rad1 Be6 13. Nd5 Kg7 14. c3 a5 15. a4 f6 16. Nd2 Nb8 17. Rfe1 Nd7 18. Bf1 Nc5 19. Bc4 Nxa4 20. Nxc7 Bxc7 21. Bxe6 Nxb2 22. Rb1 Nd3 23. Red1 Nc5 24. Bd5 Rab8 25. Rb5 b6 26. Nc4 f5 27. Nxa5 bxa5 28. Rxc5 Bb6 29. Rc6 Rf6 30. Kg2 f4 31. gxf4 Rxf4 32. f3 Rf6 33. Be6 Rd8 34. Rd5 Rxd5 35. exd5 Bd8 36. c4 Rf4 37. d6 Rd4 38. Bd5 a4 39. Rc8 Rd2+ 40. Kf1 Bg5 41. Rg8+ Kh7 42. Ra8 Ra2 43. d7 a3 44. Ra7 Kh8 45. c5 Rd2 46. c6 Rxd5 47. c7 a2 48. c8=Q+ 1-0

[Event "87th Tata Steel Masters"]
[Site "Wijk aan Zee NED"]
[Date "2025.01.21"]
[Round "4.1"]
[White "Harikrishna, P."]
[Black "Warmerdam, Max"]
[Result "1-0"]
[WhiteElo "2695"]
[BlackElo "2646"]
[PlyCount "45"]
[EventDate "2025.01.18"]

1. Nf3 d5 2. g3 c5 3. Bg2 Nc6 4. d4 Nf6 5. O-O e6 6. c4 dxc4 7. dxc5 Qxd1 8. Rxd1 Bxc5 9. Nbd2 b5 10. a4 Ba6 11. Ng5 ({RR} 11. Ne5 Nxe5 12. Bxa8 b4 13. Ne4 Nxe4 14. Bxe4 Ke7 15. Bg5+ f6 16. Bf4 h6 17. Bxe5 fxe5 18. e3 Rc8 19. Rd2 b3 20. Rad1 Rc7 21. h4 Bb7 22. Rd7+ Rxd7 23. Rxd7+ Kxd7 24. Bxb7 e4 25. Kf1 Be7 {Gaal,Z (2341)-Erdos,V (2538) Budapest HUN 2024 0-1}) 11... Nd5 ({RR} 11... Rc8 12. Nde4 Bb4 13. Bd2 Nxe4 14. Nxe4 Be7 15. axb5 Bxb5 16. Nc3 Nd4 17. e3 Nb3 18. Nxb5 Nxa1 19. Rxa1 Bc5 20. Nxa7 Rd8 21. Bc6+ Ke7 22. Bc3 Kd6 23. Bf3 f6 24. Ra6+ Kd7 25. Ra4 Ra8 26. Bxa8 {Harikrishna,P (2705)-Ganguly,S (2582) Almaty KAZ 2022 1-0 (46)}) 12. Nde4 Bb4 13. Nxf7 $146 ({RR} 13. Nc3) ({RR} 13. Nc3 Bxc3 14. bxc3 b4 15. Ne4 O-O 16. Nc5 Bc8 17. cxb4 Ncxb4 18. Ba3 Nc2 19. Ra2 Nxa3 20. Rxa3 Rb8 21. e4 Nf6 22. Rc3 Rb4 23. Bf1 e5 24. f3 h5 25. Bxc4 Bh3 26. Nd3 Rd8 27. Rcc1 Rxa4 {Keymer,V (2664)-Aronian,L (2772) chess24.com INT 2022 ½-½ (74)}) 13... Kxf7 14. Ng5+ Kf6 15. Nxe6 Nce7 16. axb5 Bb7 17. Nd4 Kf7 18. Ra4 c3 19. Rd3 a5 20. bxc3 Bxc3 21. Rf3+ Kg6 22. Nc6 Bf6 23. Ne5+ 1-0

[Event "TCh-CZE Extraliga 2024-25"]
[Site "Czech Republic CZE"]
[Date "2025.01.25"]
[Round "5.1"]
[White "Kozak, Adam"]
[Black "Rodshtein, M."]
[Result "1-0"]
[WhiteElo "2591"]
[BlackElo "2636"]
[PlyCount "135"]
[EventDate "2024.11.02"]
[WhiteTeam "Slavia Kromeriz"]
[BlackTeam "SK Zikuda Turnov"]

1. Nf3 d5 2. b3 Nf6 3. Bb2 Bf5 4. g3 e6 5. d3 h6 6. Bg2 Be7 7. O-O O-O 8. Nbd2 Bh7 9. Re1 a5 10. a3 c6 11. e4 Nbd7 12. Qe2 Qb6 13. e5 ({RR} 13. a4 Rfc8 14. Rac1 Bc5 15. e5 Ne8 16. Nf1 Qd8 17. Ne3 Nc7 18. Kh1 b5 19. Nd4 bxa4 20. bxa4 Nb6 21. Ra1 Na6 22. Nb3 Be7 23. f4 Qd7 24. f5 exf5 25. Qf3 Nc5 26. Nxc5 Bxc5 27. d4 Be7 {Caruana,F (2792)-Giri,A (2772) Wijk aan Zee 2022 0-1 (51)}) 13... Ne8 14. a4 $146 ({RR} 14. Nf1 c5 15. a4 Nc7 16. Ne3 Qa6 17. Nd2 Nb8 18. c4 d4 19. Nc2 Nc6 20. f4 Qb6 21. Na3 Nb4 22. Ne4 Rad8 23. Bc1 Qa7 24. Bd2 b6 25. Rf1 Nca6 26. g4 Qb8 27. Be1 f5 28. exf6 Bxf6 {Hernandez Leon,S (2151)-Kumar,S (1908) San Cristobal de La Laguna ES 2024 1-0 (42)}) ({RR} 14. h4 Nc7 15. Nh2 c5 16. Ng4 a4 17. Nf1 axb3 18. c4 Qa6 19. Nd2 b5 20. Nxb3 bxc4 21. dxc4 Rab8 22. Nc1 Qxc4 23. Qxc4 dxc4 24. Re2 Nd5 25. Na2 Rb3 26. Bxd5 exd5 27. Ne3 Nb6 28. Nc1 Rb5 {Perossa,N (2244)-Estrada Nieto,J (2156) chess.com INT 2025 0-1 (41)}) ({RR} 14. h4 c5 15. a4 Nc7 16. Nf1 Qa6 17. g4 c4 18. dxc4 dxc4 19. bxc4 Rac8 20. g5 h5 21. Nd4 Na8 22. Nb5 Nab6 23. Ne3 Bg6 24. Red1 Nc5 25. Nc3 Ncd7 26. Nb5 Nc5 27. Nd6 Rc7 28. f4 Nbxa4 {Kuzubov,Y (2624)-Vishnu,P (2369) Chennai 2011 ½-½ (59)}) 14... Nc7 15. Nf1 Na6 16. Ne3 Nb4 17. h4 c5 18. Rad1 Nc6 19. Bh3 Rfd8 20. Ng2 Nb4 21. Ne3 Rac8 22. Rc1 Nb8 23. Bf1 N8c6 24. Qd1 Nd4 25. Nd2 Nbc6 26. c3 Nf5 27. Nxf5 Bxf5 28. Ba3 Qc7 29. f4 Re8 30. Nf3 b6 31. Bb2 Bg4 32. Kh2 f6 33. d4 fxe5 34. dxe5 Rf8 35. Bh3 Bxh3 36. Kxh3 Rf5 37. Rc2 Qb7 38. Bc1 b5 39. axb5 Qxb5 40. c4 dxc4 41. Qd7 Rff8 42. Qxe6+ Kh8 43. Qxc4 Qb7 44. Rc3 Nd4 45. Qd3 Rb8 46. Nxd4 cxd4 47. Rc4 Qxb3 48. Qxb3 Rxb3 49. Rxd4 Bc5 50. Ra4 Rd8 51. Rxa5 Bf2 52. Re2 Rxg3+ 53. Kh2 Rc3 54. Bd2 Bg3+ 55. Kg2 Rb3 56. h5 Bh4 57. Be3 Be7 58. Kf3 Kg8 59. Kg4 Rdd3 60. Ra7 Bf8 61. Bf2 Rd8 62. e6 Ba3 63. Rd7 Re8 64. Bd4 Re7 65. Rc2 Rb8 66. Rcc7 Kf8 67. Rxe7 Bxe7 68. Kf5 1-0

[Event "Titled Tue 21st Jan Early"]
[Site "chess.com INT"]
[Date "2025.01.21"]
[Round "3"]
[White "Mekhitarian, K."]
[Black "Ivic, Velimir"]
[Result "1-0"]
[WhiteElo "2562"]
[BlackElo "2620"]
[PlyCount "79"]
[EventDate "2025.01.21"]

1. Nf3 d5 2. c4 d4 3. b4 g5 4. g3 e5 5. Nxe5 Bg7 6. Nf3 g4 7. Nh4 d3 $146 ({RR} 7... Nc6 8. d3 Nxb4 9. Bg2 Ne7 10. O-O O-O 11. Nd2 Ng6 12. Nxg6 hxg6 13. Ba3 c5 14. Bxb4 cxb4 15. Qb3 Qe7 16. a3 bxa3 17. Qxa3 Re8 18. Qxe7 Rxe7 19. Rfe1 Bf5 20. Kf1 a6 21. Reb1 Rae8 22. Ne4 {Mekhitarian,K (2560)-Vershinin,I (2285) chess.com INT 2024 1-0 (56)}) ({RR} 7... Nc6 8. d3 Nxb4 9. Bg2 Ne7 10. O-O O-O 11. Nd2 Ng6 12. Nxg6 hxg6 13. Ba3 c5 14. Bxb4 cxb4 15. Qb3 Qe7 16. a3 bxa3 17. Qxa3 Re8 18. Qxe7 Rxe7 19. Rfe1 Bf5 20. Kf1 a6 21. Reb1 Rae8 22. Ne4 {Mekhitarian,K (2560)-Vershinin,I (2285) chess.com INT 2024 1-0 (56)}) 8. Nc3 Nc6 9. Bg2 Nd4 10. exd3 Qe7+ 11. Kf1 Nf6 12. Bb2 O-O 13. Ne2 Nf5 14. Nxf5 Bxf5 15. Nf4 Rad8 16. h3 Rfe8 17. hxg4 Bxg4 18. Bf3 Bf5 19. Kg2 Qxb4 20. Bc3 Qc5 21. Rb1 a6 22. Rxb7 Ne4 23. dxe4 Bxc3 24. Nd5 Bc8 25. Rxc7 Qa5 26. dxc3 Rxd5 27. Qxd5 Qxc7 28. Qg5+ Kf8 29. Rxh7 Qe5 30. Qxe5 Rxe5 31. Rh8+ Kg7 32. Rxc8 Ra5 33. c5 Rxa2 34. c6 Rc2 35. e5 Rxc3 36. Ra8 Rc5 37. Rxa6 Rxe5 38. c7 Rc5 39. Rc6 Rxc6 40. Bxc6 1-0

[Event "Titled Tue 21st Jan Early"]
[Site "chess.com INT"]
[Date "2025.01.21"]
[Round "7"]
[White "Theodorou, Nikolas"]
[Black "Bocharov, D."]
[Result "1-0"]
[WhiteElo "2612"]
[BlackElo "2535"]
[PlyCount "49"]
[EventDate "2025.01.21"]

1. Nf3 c5 2. b3 d5 3. Bb2 f6 4. e4 dxe4 5. Nh4 Nh6 ({RR} 5... g6 6. Nc3 Bg7 7. Nxe4 Qb6 8. Bc4 Be6 9. Bxe6 Qxe6 10. Qe2 Qc6 11. O-O-O Nd7 12. d4 cxd4 13. Rxd4 Nh6 14. Rhd1 Ne5 15. f4 Nef7 16. Nd6+ Kf8 17. Nxf7 Nxf7 18. Nf3 f5 19. Rd7 Bxb2+ 20. Kxb2 {Theodorou,N (2611)-Sjugirov,S (2631) chess.com INT 2025 1-0 (37)}) 6. Nc3 Nc6 7. Nxe4 e6 $146 ({RR} 7... e5 8. f4 Bg4 9. Be2 f5 10. Ng5 exf4 11. Nhf3 Qd7 12. Bc4 Qe7+ 13. Ne6 b5 14. Bd5 Nb4 15. Bxa8 Qxe6+ 16. Kf2 Kd8 17. h3 Bh5 18. a3 Na6 19. Ng5 Qg6 20. Ne6+ Qxe6 21. Qxh5 Nc7 22. Bf3 {Theodorou,N (2627)-Sasikiran,K (2586) chess.com INT 2024 1-0 (32)}) ({RR} 7... e5 8. f4 Bg4 9. Be2 f5 10. Ng5 exf4 11. Nhf3 Qd7 12. Bc4 Qe7+ 13. Ne6 b5 14. Bd5 Nb4 15. Bxa8 Qxe6+ 16. Kf2 Kd8 17. h3 Bh5 18. a3 Na6 19. Ng5 Qg6 20. Ne6+ Qxe6 21. Qxh5 Nc7 22. Bf3 {Theodorou,N (2627)-Sasikiran,K (2586) chess.com INT 2024 1-0 (32)}) 8. Bb5 Be7 9. Bxc6+ bxc6 10. f4 O-O 11. O-O Nf7 12. Nf3 c4 13. bxc4 c5 14. Qe2 Rb8 15. Bc3 Qc7 16. Rae1 Bd7 17. Ng3 Rfe8 18. Nh5 Bd6 19. Qd3 Be7 20. Nxg7 Kxg7 21. Ng5 Nxg5 22. fxg5 e5 23. gxf6+ Bxf6 24. Qg3+ Kf7 25. Rxe5 1-0

[Event "Titled Tue 21st Jan Late"]
[Site "chess.com INT"]
[Date "2025.01.21"]
[Round "6"]
[White "Nihal, Sarin"]
[Black "Kourkoulos Arditis, Stamatis"]
[Result "1-0"]
[WhiteElo "2687"]
[BlackElo "2580"]
[PlyCount "73"]
[EventDate "2025.01.21"]

1. Nf3 d5 2. b3 Nf6 3. e3 e6 4. Bb2 b6 5. c4 Bb7 6. Nc3 a6 7. Rc1 Nbd7 8. cxd5 exd5 9. Ne2 Bd6 ({RR} 9... c5 10. d4 g6 11. Nf4 Bg7 12. Be2 O-O 13. O-O Re8 14. Rc2 Rc8 15. Qa1 Ne4 16. dxc5 Bxb2 17. Qxb2 bxc5 18. Rd1 Nb6 19. Bd3 Qf6 20. Qc1 c4 21. Bxe4 Rxe4 22. Nd4 a5 23. Qb1 Ba6 24. h3 {Le,Q (2731)-Bacrot,E (2683) chess.com INT 2024 1-0}) ({RR} 9... g6 10. g3 Bg7 11. Bg2 O-O 12. O-O Re8 13. Rc2 a5 14. d3 a4 15. b4 a3 16. Bd4 Ba6 17. Qd2 Bf8 18. Rb1 c5 19. bxc5 bxc5 20. Ba1 Rb8 21. Rbc1 c4 22. dxc4 dxc4 23. Nf4 Bg7 24. Qd6 {Nihal,S (2681)-Praggnanandhaa,R (2690) Dubai UAE 2023 0-1 (47)}) 10. Ned4 ({RR} 10. g3 O-O 11. Bg2 Re8 12. O-O Rc8 13. Nf4 c5 14. d4 c4 15. Ne5 b5 16. bxc4 bxc4 17. Rb1 Qc7 18. Nxd7 Nxd7 19. Nxd5 Bxd5 20. Bxd5 c3 21. Rc1 Qa5 22. Qh5 Bb4 23. Bxf7+ Kf8 24. Bxe8 Rxe8 {Le,Q (2729)-Tang,A (2529) chess.com INT 2025 1-0}) 10... g6 $146 ({RR} 10... c5 11. Nf5 Bf8 12. d4 g6 13. Ng3 Bd6 14. Bd3 Qe7 15. O-O O-O 16. Qe2 Rfe8 17. Rfd1 Ne4 18. dxc5 Ndxc5 19. Ba1 f6 20. Bb1 a5 21. Bxe4 dxe4 22. Qc4+ Kf8 23. Ne1 Kg7 24. Qb5 Qc7 25. Rxc5 {Mendonca,L (2551)-Souleidis,G (2430) Hamburg 2022 1-0 (53)}) ({RR} 10... c5 11. Nf5 Bf8 12. d4 g6 13. Ng3 Bd6 14. Bd3 Qe7 15. O-O O-O 16. Qe2 Rfe8 17. Rfd1 Ne4 18. dxc5 Ndxc5 19. Ba1 f6 20. Bb1 a5 21. Bxe4 dxe4 22. Qc4+ Kf8 23. Ne1 Kg7 24. Qb5 Qc7 25. Rxc5 {Mendonca,L (2551)-Souleidis,G (2430) Hamburg 2022 1-0 (53)}) 11. Nc6 Qc8 12. Be2 O-O 13. O-O Re8 14. Nfd4 Ne5 15. f4 Nxc6 16. Nxc6 Ne4 17. Bg4 f5 18. Bf3 Nc5 19. Ne5 Qe6 20. b4 Ne4 21. d3 Nf6 22. Bd4 Nd7 23. Nxd7 Qxd7 24. Qb3 Qf7 25. Rc2 Rac8 26. Rfc1 Bf8 27. a4 Bg7 28. Bxg7 Kxg7 29. a5 Qe6 30. Qb2+ Kg8 31. Qd4 Qxe3+ 32. Qxe3 Rxe3 33. Rxc7 Rb8 34. Rxb7 Rxb7 35. Bxd5+ Rf7 36. axb6 Ree7 37. Rc7 1-0

[Event "Titled Tue 21st Jan Late"]
[Site "chess.com INT"]
[Date "2025.01.21"]
[Round "7"]
[White "Caruana, F."]
[Black "Lobanov, Sergei"]
[Result "1-0"]
[WhiteElo "2803"]
[BlackElo "2508"]
[PlyCount "185"]
[EventDate "2025.01.21"]

1. Nf3 d5 2. g3 Nc6 3. d4 Bf5 4. Bg2 e6 5. c3 Nf6 6. O-O Be7 7. a4 ({RR} 7. Bg5 h6 8. Bxf6 Bxf6 9. Nfd2 Ne7 10. e4 dxe4 11. Nxe4 Bxe4 12. Bxe4 c6 13. Qb3 Qc7 14. Nd2 O-O 15. Rad1 Rfd8 16. Rfe1 b5 17. Bg2 Nd5 18. Ne4 Be7 19. Qc2 g6 20. h4 h5 21. Qe2 Kg7 {Meier,G (2647)-Melkumyan,H (2654) Chess.com INT 2018 ½-½ (85)}) ({RR} 7. Nh4 Be4 8. f3 Bxb1 9. Rxb1 Nd7 10. e4 Bxh4 11. gxh4 Qxh4 12. exd5 exd5 13. Re1+ Kd8 14. Be3 Nb6 15. a4 a5 16. Qd3 Qf6 17. Bf2 h5 18. Bh3 g5 19. Bg3 Nxa4 20. Re2 Nb6 21. Rbe1 a4 {Shuvalova,P (2508)-Fiorito,J (2411) chess.com INT 2025 1-0}) 7... a5 $146 ({RR} 7... O-O 8. Nbd2 h6 9. a5 Ne4 10. Ne1 Nxd2 11. Bxd2 Bh7 12. Qa4 a6 13. Nd3 Nb8 14. Qb3 Ra7 15. c4 c6 16. Rfe1 Nd7 17. e4 dxe4 18. Bxe4 Bxe4 19. Rxe4 Qc8 20. Re2 Bd6 21. d5 exd5 22. cxd5 {Poormosavi,S (2436)-Sandhoefner,F (2275) Austria AUT 2023 1-0 (45)}) ({RR} 7... O-O 8. Nbd2 h6 9. a5 Ne4 10. Ne1 Nxd2 11. Bxd2 Bh7 12. Qa4 a6 13. Nd3 Nb8 14. Qb3 Ra7 15. c4 c6 16. Rfe1 Nd7 17. e4 dxe4 18. Bxe4 Bxe4 19. Rxe4 Qc8 20. Re2 Bd6 21. d5 exd5 22. cxd5 {Poormosavi,S (2436)-Sandhoefner,F (2275) Austria AUT 2023 1-0 (45)}) 8. Na3 h6 9. Bf4 O-O 10. Nb5 Rc8 11. Rc1 Ne4 12. Nd2 Nd6 13. Re1 Qd7 14. Nxd6 Bxd6 15. Bxd6 cxd6 16. e4 dxe4 17. Nxe4 Bxe4 18. Bxe4 d5 19. Bd3 Ne7 20. h4 Rc7 21. h5 Nc8 22. Bc2 Nd6 23. Qd3 f5 24. Re2 Rf6 25. Rce1 Qf7 26. Qf3 Ne4 27. Qf4 Rc8 28. f3 Ng5 29. Rh2 Rc6 30. Bd3 Rc8 31. Bb5 Kh8 32. Kg2 Kg8 33. Rhh1 Kh8 34. Re2 Kg8 35. Qh4 Qc7 36. Qf4 Qf7 37. Kf2 Kh8 38. Ke1 Kg8 39. Kd2 Kh8 40. Kc2 Kg8 41. Kb3 Kh8 42. Re3 Kg8 43. Bd3 Qd7 44. Re2 Kh8 45. Bb5 Qf7 46. Re5 Rd8 47. Bd3 Qd7 48. Rhe1 Nf7 49. R5e2 Ng5 50. Re3 Qf7 51. Ka2 Qd7 52. Bb5 Qf7 53. R1e2 Kg8 54. Bd3 Kh8 55. Re1 Qd7 56. Bb5 Qf7 57. Rh1 Kg8 58. Re2 Kh8 59. Rf2 Kg8 60. Qd2 Qc7 61. Qf4 Qf7 62. Qh4 f4 63. g4 Qe7 64. Re1 Qd6 65. Qh1 Rdf8 66. Rfe2 R8f7 67. Qf1 Re7 68. Rd2 Qc7 69. Qd3 Qd6 70. Rde2 Nf7 71. Qd1 Ng5 72. Rf1 Qc7 73. Bd3 Qd7 74. Bc2 Qd6 75. Qd3 Kf8 76. Rfe1 Qc6 77. Re5 Ke8 78. Rxg5 hxg5 79. Re5 Qd6 80. Qb5+ Kf7 81. Qxa5 Rc7 82. Qb5 Qe7 83. Rxg5 Kg8 84. Re5 Rf8 85. Bb3 Qd6 86. Rxe6 Qd8 87. Qxd5 Qxd5 88. Bxd5 Kh8 89. Kb3 Rd8 90. c4 Rf7 91. Kb4 Rc7 92. Kb5 Rcc8 93. b4 1-0